The Simpsons Last Name - Statistics

General Stats
  • This quiz has been taken 182 times
    80 since last reset
  • The average score is 10 of 15
Answer Stats
First Name Last Name % Correct
Bart Simpson
100%
Marge Simpson
96%
Todd Flanders
90%
Maggie Simpson
90%
Ralph Wiggum
85%
Abe Simpson
76%
Waylon Smithers
72%
Troy McClure
70%
Nelson Muntz
70%
Kent Brockman
67%
Clancy Wiggum
57%
Julius Hibbert
46%
Bob Terwilliger
31%
Joe Quimby
30%
Krusty Krustofsky
27%
No matching quizzes found
Score Distribution
Percent of People with Each Score
Percentile by Number Answered
Your Score History
You have not taken this quiz since the last reset